Anagrammes Sportifs Français - Statistiques

Statistiques générales
  • Ce quiz a été pris 175 fois
  • Le résultat moyen est 30 sur 40
Statistiques - réponses
Anagramme, prénom et discipline Nom % Correct
Pempab (Kylian, foot) Mbappe
100%
Pondut (Antoine, rugby) Dupont
99%
Darhmanc (Léon, natation) Marchand
99%
Rerin (Teddy, judo) Riner
99%
Dinaze (Zinedine, foot) Zidane
99%
Karpre (Tony, basket) Parker
97%
Bole (Sébastien, rallye) Loeb
96%
Onha (Yannick, tennis) Noah
95%
Scampheds (Didier, foot) Deschamps
93%
Amudouna (Laure, natation) Manaudou
92%
Tabacraik (Nikola,handball) Karabatic
90%
Hablac (Sébastien, rugby) Chabal
86%
Crepé (Marie-josé, athlétisme) Pérec
86%
Doruface (Martin, biathlète) Fourcade
85%
Napitil (Michel, foot) Platini
85%
Nadrer (Wendie, foot) Renard
84%
Trops (Alain,F1) Prost
83%
Nerbul (Alexis, tennis de table) Lebrun
81%
Inveillale (Renaud, saut à la perche) Lavillenie
77%
Rhyne (Amandine, foot) Henry
75%
Mawambaney (Victor, basket) Wembanyama
73%
Plapiphaile (Julian, cyclisme) Alaphilippe
72%
Ermya (Kévin, Athlétisme) Mayer
70%
Leditulo (David, judo) Douillet
68%
Ramemous (Amélie, tennis) Mauresmo
66%
Rocalonde (Philippe, patinage) Candeloro
65%
Selself (Laura, escrime) Flessel
64%
Drabren (Alain, natation) Bernard
62%
Siléa (Jean, F1) Alési
61%
Lykil (Jean-Claude, ski) Killy
59%
Dancer (Marcel, boxe) Cerdan
58%
Gnellen (Suzanne, tennis) Lenglen
58%
Noglo (Jeannie, cyclisme) Longo
58%
Thaulin (Bernard, cyclisme) Hinault
54%
Darfern-Vorpet (Pauline, cyclisme) Ferrand-Prévot
53%
Bongagenue (Clarisse, judo) Agbegnenou
52%
Tarhuda (Florence, voile) Arthaud
45%
Foflant (Perrine, ski) Laffont
44%
Lybano (Surya, patinage) Bonaly
42%
Phytai-Tebrun (Manon, escrime) Apithy-Brunet
37%
Aucun quiz correspondant
Distribution des résultats
% des personnes avec chaque résultat
Percentile par nombre de réponses
Votre historique - résultats
Vous n’avez pas pris ce quiz